00594nam a22001577a 4500003000400000082001700004100001200021245017600033260004500209300000800254650001900262653001900281942001200300952010700312999001700419SGT a617.69bT23P aPoonam  aTo compare the antibacterial efficacy of 810 nm diode laser and photodynamic therapy in reducing microbial flora in patients with peri-implant mucositis bAn Invivo study  aGurugram, HaryanabSGT University c2023 a116 aProsthodontics aProsthodontics 2ddccTH 00102ddc4071aFDbFDd2024-01-23iSGTUl0o617.69 T23PpDT1782r2024-01-23 00:00:00w2024-01-23yTH c25632d25632